[Event "Rio de Janeiro Duchamp op U2200"]
[Site "Rio de Janeiro"]
[Date "2017.11.11"]
[Round "1"]
[White "Leao, Flavio Sanchez"]
[Black "Nascimento, Pedro Henrique Alve"]
[Result "1-0"]
[WhiteElo "1816"]
[BlackElo "1971"]
[PlyCount "73"]
[EventDate "2017.11.11"]
[EventType "swiss"]
[EventRounds "5"]
[EventCountry "BRA"]
[SourceTitle "EXT 2019"]
[Source "ChessBase"]
[SourceDate "2018.10.10"]
[SourceVersion "1"]
[SourceVersionDate "2018.10.10"]
[SourceQuality "1"]

1. e4 e6 2. d4 d5 3. Nc3 Bb4 4. Bd3 dxe4 5. Bxe4 Nf6 6. Bg5 h6 7. Bxf6 Qxf6 8. a3 Ba5 9. Nge2 0-0 10. Qd3 c6 11. 0-0 Rd8 12. Qf3 Nd7 13. b4 Bb6 14. Rfd1 Qxf3 15. Bxf3 Nf6 16. Na4 Bc7 17. Nc5 Rb8 18. c4 Bd7 19. a4 Nh7 20. g3 Bd6 21. b5 Be8 22. Nc1 Ng5 23. Be2 Bxc5 24. dxc5 Rxd1+ 25. Bxd1 Rd8 26. Nb3 Rd3 27. Na5 Rc3 28. Nxb7 Rxc4 29. b6 axb6 30. cxb6 Rb4 31. a5 Bd7 32. Nd6 c5 33. h4 Ne4 34. Nxe4 Rxe4 35. Bf3 Rb4 36. a6 Rxb6 37. a7 1-0

[Event "Belem zt"]
[Site "Belem"]
[Date "2017.08.20"]
[Round "5"]
[White "Leao, Flavio Sanchez"]
[Black "Rodrigues Mota, Sophia Lorena"]
[Result "1-0"]
[WhiteElo "1820"]
[BlackElo "1713"]
[PlyCount "29"]
[EventDate "2017.08.18"]
[EventType "swiss"]
[EventRounds "6"]
[EventCountry "BRA"]
[SourceTitle "CBM 180 Extra"]
[Source "ChessBase"]
[SourceDate "2017.10.06"]
[SourceVersion "1"]
[SourceVersionDate "2017.10.06"]
[SourceQuality "1"]

1. e4 c5 2. Nf3 e6 3. d4 cxd4 4. Nxd4 d6 5. Nc3 Nf6 6. Bg5 Be7 7. Ndb5 h6 8. Bxf6 gxf6 9. Qd2 Bd7 10. Nxd6+ Bxd6 11. Qxd6 Nc6 12. 0-0-0 e5 13. Nd5 Rc8 14. Nxf6+ Qxf6 15. Qxf6 1-0

[Event "Belem op 2nd"]
[Site "Belem"]
[Date "2017.07.07"]
[Round "1"]
[White "Leao, Flavio Sanchez"]
[Black "Delgado Ramirez, Neuris"]
[Result "0-1"]
[WhiteElo "1814"]
[BlackElo "2624"]
[PlyCount "36"]
[EventDate "2017.07.07"]
[EventType "swiss"]
[EventRounds "6"]
[EventCountry "BRA"]
[SourceTitle "EXT 2018"]
[Source "ChessBase"]
[SourceDate "2017.10.13"]
[SourceVersion "1"]
[SourceVersionDate "2017.10.13"]
[SourceQuality "1"]

1. e4 c5 2. Nf3 g6 3. d4 cxd4 4. Nxd4 Bg7 5. Be3 Nf6 6. Nc3 Nc6 7. Be2 0-0 8. Qd2 d6 9. 0-0-0 Nxd4 10. Bxd4 Be6 11. Be3 Qa5 12. a3 Rfc8 13. Nd5 Qd8 14. Nxf6+ Bxf6 15. Bd4 Bb3 16. c3 Bxd1 17. Rxd1 Bxd4 18. Qxd4 Qa5 0-1

[Event "Manaus Amazonia-ch"]
[Site "Manaus"]
[Date "2017.04.16"]
[Round "7"]
[White "Leao, Flavio Sanchez"]
[Black "Farias, Sergio Luiz Cardoso"]
[Result "1-0"]
[WhiteElo "1835"]
[BlackElo "1572"]
[PlyCount "65"]
[EventDate "2017.04.13"]
[EventType "swiss"]
[EventRounds "7"]
[EventCountry "BRA"]
[SourceTitle "CBM 177 Extra"]
[Source "ChessBase"]
[SourceDate "2017.04.27"]
[SourceVersion "1"]
[SourceVersionDate "2017.04.27"]
[SourceQuality "1"]

1. e4 Nc6 2. Nf3 e5 3. d4 d6 4. dxe5 Bg4 5. Nc3 Nxe5 6. Be2 Bxf3 7. Bxf3 Nf6 8. Be2 Be7 9. Be3 0-0 10. f3 a6 11. Qd2 b5 12. 0-0 h5 13. Nd5 Nh7 14. Nxe7+ Qxe7 15. Bd4 f5 16. exf5 Rxf5 17. Rae1 Kh8 18. f4 Nc6 19. Bd3 Qd7 20. Bxf5 Qxf5 21. Bxg7+ Kxg7 22. Qc3+ Kf8 23. Qh8+ Kf7 24. Qxa8 Qc5+ 25. Kh1 Nf6 26. Qc8 Nd4 27. c3 Nf5 28. Qe6+ Kg6 29. Re5 dxe5 30. fxe5 Ng7 31. Rxf6+ Kg5 32. h4+ Kxh4 33. Qh3+ 1-0

[Event "Belem FEXPA U1900 1st"]
[Site "Belem"]
[Date "2016.12.04"]
[Round "4.1"]
[White "Almeida, Luis Fernando Silva"]
[Black "Leao, Flavio Sanchez"]
[Result "1/2-1/2"]
[WhiteElo "1606"]
[BlackElo "1831"]
[PlyCount "38"]
[EventDate "2016.12.02"]
[EventType "tourn"]
[EventRounds "5"]
[EventCountry "BRA"]
[SourceTitle "EXT 2022"]
[Source "ChessBase"]
[SourceDate "2021.10.06"]
[SourceVersion "1"]
[SourceVersionDate "2021.10.06"]
[SourceQuality "1"]

1. d4 Nf6 2. c4 e6 3. g3 d5 4. Bg2 c6 5. cxd5 exd5 6. Nf3 Bf5 7. Nbd2 Nbd7 8. Qb3 Qc7 9. Ng5 h6 10. e4 hxg5 11. exf5 0-0-0 12. Nf3 g4 13. Bf4 Bd6 14. Ne5 Nxe5 15. dxe5 Bxe5 16. Bd2 Ne4 17. Rd1 Nxd2 18. Rxd2 Qb6 19. Qd1 Qb4 1/2-1/2

[Event "Belem FEXPA U1900 1st"]
[Site "Belem"]
[Date "2016.12.03"]
[Round "2.2"]
[White "Leao, Flavio Sanchez"]
[Black "Assuncao, Darlane Brito"]
[Result "0-1"]
[WhiteElo "1831"]
[BlackElo "1798"]
[PlyCount "20"]
[EventDate "2016.12.02"]
[EventType "tourn"]
[EventRounds "5"]
[EventCountry "BRA"]
[SourceTitle "EXT 2022"]
[Source "ChessBase"]
[SourceDate "2021.10.06"]
[SourceVersion "1"]
[SourceVersionDate "2021.10.06"]
[SourceQuality "1"]

1. e4 d6 2. d4 Nf6 3. Nc3 g6 4. Bg5 h6 5. Bxf6 exf6 6. Nf3 Bg7 7. Bc4 0-0 8. Qd2 f5 9. 0-0-0 fxe4 10. Nxe4 d5 0-1

[Event "Belem FEXPA U1900 1st"]
[Site "Belem"]
[Date "2016.12.03"]
[Round "3.3"]
[White "Leao, Marcos Jose"]
[Black "Leao, Flavio Sanchez"]
[Result "1/2-1/2"]
[WhiteElo "1888"]
[BlackElo "1831"]
[PlyCount "73"]
[EventDate "2016.12.02"]
[EventType "tourn"]
[EventRounds "5"]
[EventCountry "BRA"]
[SourceTitle "EXT 2022"]
[Source "ChessBase"]
[SourceDate "2021.10.06"]
[SourceVersion "1"]
[SourceVersionDate "2021.10.06"]
[SourceQuality "1"]

1. e4 c5 2. Nf3 Nc6 3. d4 cxd4 4. Nxd4 a6 5. Bc4 e6 6. 0-0 Nf6 7. Nc3 Be7 8. Be3 b5 9. Bd3 Bb7 10. Nxc6 dxc6 11. e5 Nd5 12. Qg4 g6 13. Bh6 Nxc3 14. bxc3 Bf8 15. Bxf8 Kxf8 16. Rad1 Qe7 17. Rd2 Kg7 18. h4 h5 19. Qf4 Rad8 20. Rfd1 c5 21. g3 c4 22. Bf1 Rxd2 23. Rxd2 Rd8 24. Rd6 Rxd6 25. exd6 Qd7 26. Bg2 Bxg2 27. Kxg2 Qc6+ 28. f3 Qd5 29. Kf2 e5 30. Qe3 Qxd6 31. g4 hxg4 32. fxg4 Qe6 33. Kg3 f5 34. Qa7+ Qf7 35. Qxa6 f4+ 36. Kf2 Qd7 37. g5 1/2-1/2

[Event "Paraense zt"]
[Site "Belem"]
[Date "2016.09.11"]
[Round "6.6"]
[White "Leao, Flavio Sanchez"]
[Black "De Moura Filho, Jose Rios"]
[Result "1-0"]
[WhiteElo "1849"]
[BlackElo "1772"]
[PlyCount "23"]
[EventDate "2016.09.09"]
[EventType "swiss"]
[EventRounds "5"]
[EventCountry "BRA"]
[SourceTitle "EXT 2022"]
[Source "ChessBase"]
[SourceDate "2021.10.06"]
[SourceVersion "1"]
[SourceVersionDate "2021.10.06"]
[SourceQuality "1"]

1. e4 c5 2. Nf3 d6 3. d4 cxd4 4. Nxd4 Nf6 5. Nc3 a6 6. Bg5 e6 7. Bc4 Be7 8. 0-0 Qc7 9. Bxf6 Bxf6 10. Bb3 Nc6 11. Nxc6 Qxc6 12. Qd3 1-0

[Event "Maraba op 3rd"]
[Site "Maraba"]
[Date "2016.04.23"]
[Round "5"]
[White "Leao, Flavio Sanchez"]
[Black "Mateus, Jerluce de Alcantar"]
[Result "1-0"]
[WhiteElo "1840"]
[BlackElo "1994"]
[PlyCount "69"]
[EventDate "2016.04.21"]
[EventType "swiss"]
[EventRounds "7"]
[EventCountry "BRA"]
[SourceTitle "CBM 172 Extra"]
[Source "ChessBase"]
[SourceDate "2016.06.21"]
[SourceVersion "1"]
[SourceVersionDate "2016.06.21"]
[SourceQuality "1"]

1. e4 d6 2. d4 Nf6 3. Nc3 g6 4. Bg5 Bg7 5. Qd2 Nbd7 6. Bh6 0-0 7. Bxg7 Kxg7 8. 0-0-0 c6 9. f3 Qc7 10. g4 h5 11. g5 Nh7 12. f4 e6 13. Bd3 b5 14. Nge2 Qa5 15. a3 Nb6 16. d5 b4 17. axb4 Qxb4 18. dxc6 Rb8 19. Nb5 Qa4 20. Qc3+ Kg8 21. Kd2 a5 22. Ra1 Qb4 23. Qxb4 axb4 24. Nxd6 f6 25. c7 Ra8 26. Rxa8 Nxa8 27. Ra1 Nb6 28. h4 Kg7 29. Nd4 Kg8 30. Nc6 Bd7 31. Ne7+ Kg7 32. Ra6 Nc8 33. Nexc8 Bxc8 34. Nxc8 Rxc8 35. Rc6 1-0

[Event "Maraba op 3rd"]
[Site "Maraba"]
[Date "2016.04.23"]
[Round "6"]
[White "Moraes, Nelson da Silva"]
[Black "Leao, Flavio Sanchez"]
[Result "1-0"]
[WhiteElo "2214"]
[BlackElo "1840"]
[PlyCount "25"]
[EventDate "2016.04.21"]
[EventType "swiss"]
[EventRounds "7"]
[EventCountry "BRA"]
[SourceTitle "CBM 172 Extra"]
[Source "ChessBase"]
[SourceDate "2016.06.21"]
[SourceVersion "1"]
[SourceVersionDate "2016.06.21"]
[SourceQuality "1"]

1. e4 e5 2. Nf3 Nc6 3. d4 exd4 4. Nxd4 Bc5 5. Nb3 Bb6 6. Nc3 Qf6 7. Qe2 Nge7 8. f3 Nd4 9. Nxd4 Bxd4 10. Bd2 0-0 11. 0-0-0 a6 12. h4 b5 13. Bg5 1-0

[Event "Sao Paulo op-B U2050 4th"]
[Site "Sao Paulo"]
[Date "2016.03.27"]
[Round "7"]
[White "Van Riemsdijk, Dirk Dagobert"]
[Black "Leao, Flavio Sanchez"]
[Result "1-0"]
[WhiteElo "2016"]
[BlackElo "1801"]
[PlyCount "68"]
[EventDate "2016.03.24"]
[EventType "swiss"]
[EventRounds "7"]
[EventCountry "BRA"]
[SourceTitle "CBM 171 Extra"]
[Source "ChessBase"]
[SourceDate "2016.04.26"]
[SourceVersion "1"]
[SourceVersionDate "2016.04.26"]
[SourceQuality "1"]

1. e4 e6 2. d4 d5 3. Nd2 Nf6 4. e5 Nfd7 5. Bd3 c5 6. c3 Nc6 7. Ngf3 f6 8. exf6 Qxf6 9. 0-0 Bd6 10. c4 0-0 11. cxd5 exd5 12. dxc5 Nxc5 13. Nb3 Bg4 14. Be2 Nxb3 15. Qxb3 Bxf3 16. Bxf3 Nd4 17. Qxd5+ Kh8 18. Be3 Bxh2+ 19. Kxh2 Qh4+ 20. Kg1 Nxf3+ 21. gxf3 Rf6 22. Rfd1 Qh3 23. Bg5 Rf5 24. Qd8+ Rf8 25. Qc7 h6 26. Be7 Rxf3 27. Rd8+ Rxd8 28. Qxd8+ Kh7 29. Qd4 Qf5 30. Rd1 Rh3 31. Bd6 Qh5 32. Qe4+ Kh8 33. Rd5 Qf7 34. Bg3 Rh5 1-0